000 00581nam a2200229Ia 4500
003 OSt
005 20220924151754.0
006 a|||||r|||| 00| 0
007 ta
008 220923b |||||||| |||| 00| 0 mar d
024 _a339133
037 _cTextual
040 _aARTS
_cARTS
_bmar
041 _2mar
_amar
082 _ak235wM93, 155J9
100 _aGokhle Au.
_9224950
245 0 _aDr.Ketkar
260 _c1959
650 _aENCYCLOPEDIAS AND DICTIONARIES
_977
942 _hk235wM93, 155J9
_cTEXL
_2CC
999 _c467671
_d467671